000
00227nam a22001097a 4500
999
_c
12502
_d
12502
020
_a
9781260515046
082
_a
005.74
100
_a
Abraham Silberschatz
245
_a
Database System Concepts
250
_a
7th
942
_c
BK